Gray's anatomy for students / (رقم التسجيلة. 31782)

تفاصيل مارك
000 -الفاتح
حقل البيانات ثابتة الطول 01567cam a22004094a 4500
001 - رقم الضبط
رقم الضبط 15499349
003 - محدد رقم الضبط
رقم الضبط OSt
005 - وقت وتاريخ اخر تعامل مع التسجيلة
رقم الضبط 20150408114148.0
008 - عناصر البيانات ثابتة الطول - معلومات عامة
حقل البيانات ثابتة الطول 081024s2010 paua 001 0 eng
010 ## - رقم ضبط مكتبة الكونجرس
رقم ضبط مكتبة الكونجرس 2008046822
016 7# - رقم ضبط الوكاله الوطنية للضبط الببليوجرافي
رقم ضبط التسجيلة 101487486
المصدر DNLM
020 ## - الرقم الدولى المعيارى للكتب
الرقم الدولى المعيارى للكتاب 9780443069529
020 ## - الرقم الدولى المعيارى للكتب
الرقم الدولى المعيارى للكتاب 0443069522
035 ## - رقم ضبط النظام
رقم ضبط النظام (OCoLC)ocn265657274
040 ## - مصدر الفهرسة
وكالة الفهرسة الأصلية DNLM/DLC
وكالة النسخ DLC
وكالة التعديل BTCTA
-- BAKER
-- NLM
-- C#P
-- YDXCP
-- BWX
-- CDX
-- DLC
042 ## - رمز التحقق
رمز التحقق pcc
050 00 - رقم طلب مكتبة الكونجرس
رقم التصنيف QM23.2
رقم المادة .D73 2010
060 10 - رقم الطلب بالمكتبة الطبية الوطنية
رقم التصنيف QS 4
رقم المادة D762g 2010
082 00 - رقم تصنيف ديوى العشرى
رقم التصنيف 612
رقم الطبعة 22
رقم المادة DRG
100 1# - المدخل الرئيسى - إسم شخصى
الإسم الشخصى Drake, Richard L.
الشكل الأكمل للاسم (Richard Lee),
التواريخ المصاحبة للاسم 1950-
245 10 - بيان العنوان
العنوان Gray's anatomy for students /
بيان المسئوليه,etc Richard L. Drake, A. Wayne Vogl, Adam W.M. Mitchell ; illustrations by Richard M. Tibbitts and Paul Richardson ; photographs by Ansell Horn.
246 30 - العنوان الموازى
عنوان صحيح/عنوان مختصر Anatomy for students
250 ## - بيان الطبعة
بيان الطبعة 2nd ed.
260 ## - PUBLICATION, DISTRIBUTION, ETC. (IMPRINT)
مكان الناشر او الموزع Philadelphia, PA :
اسم الناشر او الموزع Churchill Livingstone/Elsevier,
تاريخ النشر أو التوزيع c2010.
300 ## - الوصف المادى
التعداد xxv, 1103 p. :
تفاصيل ماديه اخرى للوعاء ill. (chiefly col.) ;
أبعاد الوعاء 28 cm.
500 ## - تبصرة عامة
تبصرة عامة Includes index.
505 0# - تبصرة محتويات-الفهرس
تبصرة المحتويات المصاغة The body -- Back -- Thorax -- Abdomen -- Pelvis and perineum -- Lower limb -- Upper limb -- Head and neck.
650 #0 - المدخل الاضافى بالموضوع-مصطلح موضوعى
مصطلح موضوعي أو اسم جغرافي كعنصر مدخل Human anatomy.
650 12 - المدخل الاضافى بالموضوع-مصطلح موضوعى
مصطلح موضوعي أو اسم جغرافي كعنصر مدخل Anatomy.
700 1# - المدخل الاضافى - اسم شخصى
الإسم الشخصى Vogl, Wayne.
9 (RLIN) 39142
700 1# - المدخل الاضافى - اسم شخصى
الإسم الشخصى Mitchell, Adam W. M.
9 (RLIN) 13926
700 1# - المدخل الاضافى - اسم شخصى
الإسم الشخصى Gray, Henry,
التواريخ المصاحبة للاسم 1825-1861.
9 (RLIN) 16176
700 1# - المدخل الاضافى - اسم شخصى
الإسم الشخصى Gray, Henry,
التواريخ المصاحبة للاسم 1825-1861.
عنوان العمل Anatomy.
9 (RLIN) 16176
906 ## - عنصر بيانات محلى F, LDF (RLIN)
a 7
b cbc
c orignew
d 1
e ecip
f 20
g y-gencatlg
942 ## - عناصر المدخل الإضافي( كوها)
مصدر التصنيف او مخطط الترفيف Dewey Decimal Classification
Koha [default] item type كتاب
المقتنيات
حالة الفقد نموذج السعر الفعال حالة تلف ليس للاعارة رقم الطلب تاريخ الاكتساب الموقع الحالي الباركود الفرع الرئيسي Total Renewals Date last checked out Date last seen مُعار نوع المادة فى نظام كوها مصدر التصنيف او خطة الترفيف Total Checkouts
  2013-11-03     612 DRG 2013-11-03 المكتبة المركزية بالمجمعة (CL) 00404152 المكتبة المركزية بالمجمعة (CL) 2 2024-11-21 2024-11-21 2025-03-06 كتاب Dewey Decimal Classification 10
  2013-11-03     612 DRG 2013-11-03 المكتبة المركزية بالمجمعة (CL) 00404153 المكتبة المركزية بالمجمعة (CL) 8 2024-11-07 2025-09-24   كتاب Dewey Decimal Classification 14
  2013-11-03     612 DRG 2013-11-03 المكتبة المركزية بالمجمعة (CL) 00404154 المكتبة المركزية بالمجمعة (CL) 5 2017-03-06 2017-05-02   كتاب Dewey Decimal Classification 6
  2013-11-03     612 DRG 2013-11-03 مكتبة مجمع الكليات بالزلفى - طلاب (SZM) 00404155 مكتبة مجمع الكليات بالزلفى - طلاب (SZM)     2013-11-03   كتاب Dewey Decimal Classification  
  2013-11-03     612 DRG 2013-11-03 مكتبة مجمع الكليات بالزلفى - طلاب (SZM) 00404156 مكتبة مجمع الكليات بالزلفى - طلاب (SZM)     2013-11-03   كتاب Dewey Decimal Classification